| 000 | 00874cam a2200253 a 4500 | ||
|---|---|---|---|
| 001 | 2123273 | ||
| 003 | NUST - PNEC | ||
| 005 | 20170116181007.0 | ||
| 008 | 970109s1997 maua b 001 0 eng | ||
| 010 | _a 97004029 | ||
| 020 | _a0890068607 | ||
| 040 | _cLIBRARY | ||
| 082 | 0 | 0 | _a621.38456 MEH |
| 100 | 1 | _aMehrotra, Asha. | |
| 245 | 1 | 0 |
_aGSM system engineering / _cAsha Mehrotra. |
| 260 |
_aBoston : _bArtech House, _cc1997. |
||
| 300 |
_axvii, 450 p. : _bill ; _c24 cm. |
||
| 440 | 4 | _aThe Artech House mobile communications series | |
| 504 | _aIncludes bibliographical references and index. | ||
| 650 | 0 |
_aGlobal system for mobile communications. _xEL, Comm |
|
| 906 |
_a7 _bcbc _corignew _d1 _eocip _f19 _gy-gencatlg |
||
| 942 |
_2ddc _cBK |
||
| 999 |
_c66941 _d66941 |
||